Dracula megamix /

Hlavní autor: Svoboda, Karel, 1938-2007
Další autoři: Hes, Richard, 1963-2014, Borovec, Zdeněk, 1932-2001
Jazyk: Čeština
Vydáno: Praha : Monitor-EMI, p1996
Témata:
Fyzický popis: 1 CD ; 12 cm + 1 slož. list.
Zvukové nahrávky
Uloženo v:
LEADER 01258njm a2200349 a 4500
001 000171798
003 CZ BrMZK
005 19950101143423.0
008 950101s1996 xr f cze d
028 0 1 |a 7243 8 83424 2 1  |b Monitor-EMI 
040 |a BOA001  |b cze 
080 |a 782.8(086.7)  |2 MRF 
100 1 |a Svoboda, Karel,  |d 1938-2007  |7 jn19990218100  |4 cmp 
245 1 0 |a Dracula  |h [zvukový záznam] :  |b megamix /  |c muzikál Karla Svobody, Zdeňka Borovce a Richarda Hese. 
246 3 3 |a Jsi můj pán 
246 3 3 |a Nespravedlivý Bůh 
246 3 3 |a Smrt 
246 3 3 |a Dracula Megamix 
260 |a Praha :  |b Monitor-EMI,  |c p1996 
300 |a 1 CD ;  |c 12 cm +  |e 1 slož. list. 
306 |a 001326 
500 |a Durata [13:26] 
500 |a Nahr. 1996 
505 2 |a Dracula Megamix, Smrt, Nespravedlivý Bůh ... [et al.] 
511 0 |a Lucie Bílá, zpěv; Daniel Hůlka, zpěv; Jiří Korn, zpěv 
653 0 |a muzikály 
700 1 |a Hes, Richard,  |d 1963-2014  |7 jn19990009599  |4 lbt  |4 chr 
700 1 |a Borovec, Zdeněk,  |d 1932-2001  |7 jk01012677  |4 lyr  |4 lbt 
910 |a BOA001  |b CD-0004.308 
964 |a Muzikály  |x písně  |x výběry  |x CD 
990 |a AV 
996 6 |b 261H004367  |c CD-0004.308  |l MZK  |r Sklad / do 24 hodin  |n 0  |p p.v.  |w 000171798  |u 000010  |a 1  |e BOA001  |j MZK50  |s P